Dessert by Picture - Statistics

General Stats
  • This quiz has been taken 988 times
  • The average score is 13 of 16
Answer Stats
Picture Answer % Correct
Brownie
99%
Cupcake
98%
Cake
94%
Pie
93%
Donut
87%
Ice Cream
87%
Cheesecake
84%
Churro
83%
Milkshake
83%
Chocolate Chip Cookie
82%
Cinnamon Roll
79%
Crepe
79%
Jello
74%
Creme Brulee
69%
Gingerbread Cookie
69%
Sugar Cookie
69%
No matching quizzes found
Score Distribution
Percent of People with Each Score
Percentile by Number Answered
Your Score History
You have not taken this quiz